000 00426nam a2200133Ia 4500
003 GCL
008 140319s9999 xx 000 0 ara d
040 _aGCL /
_cGCL
082 0 4 _a226
_bم ا
245 1 0 _aالاتجاهات الحديثة فى دراسة التصوف الاسلامى: مصادرة واثارة تحليل ونقد
260 _a[S.N] :
_bدار الفكر العربى ،
_c1993
300 _a248
490 _a
999 _c31432
_d31432